|
|
|
|
| LEADER |
00953nam a2200265 4500 |
| 001 |
31313 |
| 003 |
BD-DhAAL |
| 005 |
20170105122855.0 |
| 008 |
170105r1896 ctu 000 0 eng |
| 010 |
|
|
|a 73083946
|
| 040 |
|
|
|a DLC
|c DLC
|d DLC
|d BD-DhAAL
|
| 050 |
0 |
0 |
|a BJ1521
|b .T8 1973
|
| 082 |
0 |
0 |
|a 170.202
|
| 100 |
1 |
|
|a Trine, Ralph Waldo
|d 1866-1958.
|9 20888
|
| 245 |
1 |
0 |
|a What all the world's a-seeking:
|b or the vital law of true life, the greatness, power, and happiness /
|c Trine, Ralph Waldo.
|
| 260 |
|
|
|a New Canaan, Conn.,
|b Keats Pub.
|c 1896
|
| 300 |
|
|
|a 138 p.
|c 18 cm.
|
| 526 |
|
|
|a AAL
|
| 541 |
|
|
|e 31313
|
| 650 |
|
0 |
|a Conduct of life.
|9 20889
|
| 650 |
|
0 |
|a Character.
|9 20890
|
| 650 |
|
0 |
|a Christian life.
|9 20891
|
| 942 |
|
|
|2 ddc
|c BK
|
| 999 |
|
|
|c 37925
|d 37925
|
| 952 |
|
|
|0 0
|1 0
|2 ddc
|4 0
|6 170_202000000000000_TRI
|7 0
|9 59930
|a BRACUL
|b BRACUL
|c GEN
|d 2017-01-05
|e Dr. Salehuddin Ahmed
|l 4
|m 13
|o 170.202 TRI
|p 3010031313
|r 2026-04-29
|s 2026-04-25
|t 1
|w 2017-01-05
|y BK
|